Απειροστικός λογισμός
Αποθηκεύτηκε σε:
| Κύριοι συγγραφείς: | , |
|---|---|
| Άλλοι συγγραφείς: | |
| Μορφή: | Βιβλίο |
| Γλώσσα: | Greek English |
| Δημοσίευση: |
Ηράκλειο :
Πανεπιστημιακές Εκδόσεις Κρήτης,
2000.
|
| Έκδοση: | 5η έκδ. |
| Σειρά: | Πανεπιστημιακή βιβλιοθήκη θετικών επιστημών. Μαθηματικά.
|
| Θέματα: | |
| Ετικέτες: |
Προσθήκη ετικέτας
Δεν υπάρχουν, Καταχωρήστε ετικέτα πρώτοι!
|
MARC
| LEADER | 00000cam a2200000 i 4500 | ||
|---|---|---|---|
| 001 | 1/57140 | ||
| 008 | 020124s2000 gr | ||| |||| ||gre|| | ||
| 020 | |a 960730926X |q (set) | ||
| 020 | |a 9607309278 |q (τ. 1) | ||
| 035 | |l 10000109 | ||
| 040 | |a GR-MyUa |b gre |e AACR2 | ||
| 041 | 1 | |a gre |h eng | |
| 082 | 7 | |a 515.15 |2 (21) | |
| 100 | 1 | |a Thomas, George B., |c Jr. |q (George Brinton), |d 1914-2006. | |
| 245 | 1 | 0 | |a Απειροστικός λογισμός / |c George B. Thomas, Ross L. Finney ; απόδοση στα ελληνικά - επιστημονική επιμέλεια: Κανάρης Τσίγκανος. |
| 250 | |a 5η έκδ. | ||
| 260 | |a Ηράκλειο : |b Πανεπιστημιακές Εκδόσεις Κρήτης, |c 2000. | ||
| 300 | |a xxii, 895 σ. ; |c 27 εκ. | ||
| 490 | 1 | |a (Πανεπιστημιακή βιβλιοθήκη θετικών επιστημών. Μαθηματικά) | |
| 500 | |a Περιλαμβάνει ευρετήριο. | ||
| 505 | 8 | |a Τ. 1. Συναρτήσεις μιας μεταβλητής και αναλυτική γεωμετρία. | |
| 650 | 0 | |a Calculus. | |
| 650 | 0 | |a Geometry, Analytic. | |
| 650 | 0 | |a Differential calculus. | |
| 650 | 0 | |a Functions. | |
| 650 | 0 | |a Series. | |
| 700 | 1 | |a Finney, Ross L. |e aut | |
| 700 | 1 | |a Τσίγκανος, Κανάρης, |e edt |e trl | |
| 740 | 0 | |a Συναρτήσεις μιας μεταβλητής και αναλυτική γεωμετρία. | |
| 830 | 0 | |a Πανεπιστημιακή βιβλιοθήκη θετικών επιστημών. |p Μαθηματικά. | |
| 852 | |a INST |b CHIOS |e 20020128 |h 515.15 THO |p 005200020061 |q 005200020061 |t BK |y 0 |z τ.1 | ||
| 852 | |a INST |b CHIOS |e 20020128 |h 515.15 THO |p 005200020080 |q 005200020080 |t BK |y 0 |z τ.1 | ||
| 852 | |a INST |b CHIOS |e 20020128 |h 515.15 THO |p 005200020081 |q 005200020081 |t BK |y 0 |z τ.1 | ||
| 852 | |a INST |b CHIOS |e 20020128 |h 515.15 THO |p 005200020082 |q 005200020082 |t BK |y 0 |z τ.1 | ||
| 852 | |a INST |b CHIOS |e 20020128 |h 515.15 THO |p 005200020090 |q 005200020090 |t BK |y 0 |z τ.1 | ||
| 852 | |a INST |b CHIOS |e 20020128 |h 515.15 THO |p 005200020091 |q 005200020091 |t BK |y 0 |z τ.1 | ||
| 852 | |a INST |b CHIOS |e 20020124 |h 515.15 THO |p 005200020222 |q 005200020222 |t BK |y 0 |z τ.1 | ||
| 852 | |a INST |b CHIOS |e 20020128 |h 515.15 THO |p 005200020061 |q 005200020061 |t BK |v τ.1: |y 0 |z τ.1 | ||
| 852 | |a INST |b CHIOS |e 20020128 |h 515.15 THO |p 005200020080 |q 005200020080 |t BK |v τ.1: |y 0 |z τ.1 | ||
| 852 | |a INST |b CHIOS |e 20020128 |h 515.15 THO |p 005200020081 |q 005200020081 |t BK |v τ.1: |y 0 |z τ.1 | ||
| 852 | |a INST |b CHIOS |e 20020128 |h 515.15 THO |p 005200020082 |q 005200020082 |t BK |v τ.1: |y 0 |z τ.1 | ||
| 852 | |a INST |b CHIOS |e 20020128 |h 515.15 THO |p 005200020090 |q 005200020090 |t BK |v τ.1: |y 0 |z τ.1 | ||
| 852 | |a INST |b CHIOS |e 20020128 |h 515.15 THO |p 005200020091 |q 005200020091 |t BK |v τ.1: |y 0 |z τ.1 | ||
| 852 | |a INST |b CHIOS |e 20020124 |h 515.15 THO |p 005200020222 |q 005200020222 |t BK |v τ.1: |y 0 |z τ.1 | ||
| 852 | |a INST |b LESVOS |e 20090504 |h 515.15 THO |p 005100044960 |q 005100044960 |t BK |y 0 |z τ.1 | ||
| 852 | |a INST |b LESVOS |e 20090504 |h 515.15 THO |p 005100044960 |q 005100044960 |t BK |v τ.1: |y 0 |z τ.1 | ||
| 852 | |a INST |b SAMOS |e 20020422 |h 515.15 THO |p 005300020112 |q 005300020112 |t BK |y 0 |z τ.1 | ||
| 852 | |a INST |b SAMOS |e 20020422 |h 515.15 THO |p 005300020113 |q 005300020113 |t BK |y 23 |z τ.1 | ||
| 852 | |a INST |b SAMOS |e 20020422 |h 515.15 THO |p 005300020114 |q 005300020114 |t BK |y 0 |z τ.1 | ||
| 852 | |a INST |b SAMOS |e 20020422 |h 515.15 THO |p 005300020115 |q 005300020115 |t BK |y 0 |z τ.1 | ||
| 852 | |a INST |b SAMOS |e 20020422 |h 515.15 THO |p 005300020116 |q 005300020116 |t BK |y 0 |z τ.1 | ||
| 852 | |a INST |b SAMOS |e 20020422 |h 515.15 THO |p 005300020112 |q 005300020112 |t BK |v τ.1: |y 0 |z τ.1 | ||
| 852 | |a INST |b SAMOS |e 20020422 |h 515.15 THO |p 005300020113 |q 005300020113 |t BK |v τ.1: |y 23 |z τ.1 | ||
| 852 | |a INST |b SAMOS |e 20020422 |h 515.15 THO |p 005300020114 |q 005300020114 |t BK |v τ.1: |y 0 |z τ.1 | ||
| 852 | |a INST |b SAMOS |e 20020422 |h 515.15 THO |p 005300020115 |q 005300020115 |t BK |v τ.1: |y 0 |z τ.1 | ||
| 852 | |a INST |b SAMOS |e 20020422 |h 515.15 THO |p 005300020116 |q 005300020116 |t BK |v τ.1: |y 0 |z τ.1 | ||
| 852 | |a INST |b SYROS |e 20040625 |h 515.15 THO |p 005500001429 |q 005500001429 |t BK |y 0 |z τ.1 | ||
| 852 | |a INST |b SYROS |e 20040625 |h 515.15 THO |p 005500001430 |q 005500001430 |t BK |y 0 |z τ.1 | ||
| 852 | |a INST |b SYROS |e 20040625 |h 515.15 THO |p 005500001431 |q 005500001431 |t BK |y 0 |z τ.1 | ||
| 852 | |a INST |b SYROS |e 20040625 |h 515.15 THO |p 005500001432 |q 005500001432 |t BK |y 0 |z τ.1 | ||
| 852 | |a INST |b SYROS |e 20040625 |h 515.15 THO |p 005500001433 |q 005500001433 |t BK |y 0 |z τ.1 | ||
| 852 | |a INST |b SYROS |e 20040625 |h 515.15 THO |p 005500001840 |q 005500001840 |t BK |y 0 |z τ.1 | ||
| 852 | |a INST |b SYROS |e 20040625 |h 515.15 THO |p 005500001841 |q 005500001841 |t BK |y 0 |z τ.1 | ||
| 852 | |a INST |b SYROS |e 20040625 |h 515.15 THO |p 005500001842 |q 005500001842 |t BK |y 0 |z τ.1 | ||
| 852 | |a INST |b SYROS |e 20040625 |h 515.15 THO |p 005500001843 |q 005500001843 |t BK |y 0 |z τ.1 | ||
| 852 | |a INST |b SYROS |e 20040625 |h 515.15 THO |p 005500001844 |q 005500001844 |t BK |y 0 |z τ.1 | ||
| 852 | |a INST |b SYROS |e 20040630 |h 515.15 THO |p 005500004390 |q 005500004390 |t BK |y 0 |z τ.1 | ||
| 852 | |a INST |b SYROS |e 20040625 |h 515.15 THO |p 005500004440 |q 005500004440 |t BK |y 0 |z τ.1 | ||
| 852 | |a INST |b SYROS |e 20040625 |h 515.15 THO |p 005500004452 |q 005500004452 |t BK |y 0 |z τ.1 | ||
| 852 | |a INST |b SYROS |e 20040625 |h 515.15 THO |p 005500004453 |q 005500004453 |t BK |y 0 |z τ.1 | ||
| 852 | |a INST |b SYROS |e 20040625 |h 515.15 THO |p 005500001429 |q 005500001429 |t BK |v τ.1: |y 0 |z τ.1 | ||
| 852 | |a INST |b SYROS |e 20040625 |h 515.15 THO |p 005500001430 |q 005500001430 |t BK |v τ.1: |y 0 |z τ.1 | ||
| 852 | |a INST |b SYROS |e 20040625 |h 515.15 THO |p 005500001431 |q 005500001431 |t BK |v τ.1: |y 0 |z τ.1 | ||
| 852 | |a INST |b SYROS |e 20040625 |h 515.15 THO |p 005500001432 |q 005500001432 |t BK |v τ.1: |y 0 |z τ.1 | ||
| 852 | |a INST |b SYROS |e 20040625 |h 515.15 THO |p 005500001433 |q 005500001433 |t BK |v τ.1: |y 0 |z τ.1 | ||
| 852 | |a INST |b SYROS |e 20040625 |h 515.15 THO |p 005500001840 |q 005500001840 |t BK |v τ.1: |y 0 |z τ.1 | ||
| 852 | |a INST |b SYROS |e 20040625 |h 515.15 THO |p 005500001841 |q 005500001841 |t BK |v τ.1: |y 0 |z τ.1 | ||
| 852 | |a INST |b SYROS |e 20040625 |h 515.15 THO |p 005500001842 |q 005500001842 |t BK |v τ.1: |y 0 |z τ.1 | ||
| 852 | |a INST |b SYROS |e 20040625 |h 515.15 THO |p 005500001843 |q 005500001843 |t BK |v τ.1: |y 0 |z τ.1 | ||
| 852 | |a INST |b SYROS |e 20040625 |h 515.15 THO |p 005500001844 |q 005500001844 |t BK |v τ.1: |y 0 |z τ.1 | ||
| 852 | |a INST |b SYROS |e 20040630 |h 515.15 THO |p 005500004390 |q 005500004390 |t BK |v τ.1: |y 0 |z τ.1 | ||
| 852 | |a INST |b SYROS |e 20040625 |h 515.15 THO |p 005500004440 |q 005500004440 |t BK |v τ.1: |y 0 |z τ.1 | ||
| 852 | |a INST |b SYROS |e 20040625 |h 515.15 THO |p 005500004452 |q 005500004452 |t BK |v τ.1: |y 0 |z τ.1 | ||
| 852 | |a INST |b SYROS |e 20040625 |h 515.15 THO |p 005500004453 |q 005500004453 |t BK |v τ.1: |y 0 |z τ.1 | ||
| 853 | |a INST |b CHIOS |h 515.15 THO | ||
| 853 | |a INST |b LESVOS |h 515.15 THO | ||
| 853 | |a INST |b SAMOS |h 515.15 THO | ||
| 853 | |a INST |b SYROS |h 515.15 THO | ||
| 901 | |a BIBL5-2003-3 | ||
| 901 | |a BIBL3-2002-1 | ||
| 901 | |a BIBL2-2002-1 | ||
| 901 | |a BIBL1-2009-2 | ||
| 920 | |a ΤΜΗΜΑ ΜΑΘΗΜΑΤΙΚΩΝ |b ΓΡΑΜΜΑΤΕΙΑ |y Σάμος |z 2002-04 | ||
| 920 | |a ΤΜΗΜΑ ΜΗΧΑΝΙΚΩΝ ΟΙΚΟΝΟΜΙΑΣ ΚΑΙ ΔΙΟΙΚΗΣΗΣ |y Χίος |z 2002-01 | ||
| 970 | |a ΣΑΛΑΜΟΥΡΑ |b ΜΑΡΙΑ |z 2002/01/24 | ||